Statistics for capital city quiz

Click here to take the quiz!

General Stats

  • This quiz has been taken 18 times
  • The average score is 14 of 15

Answer Stats

QuestionAnswer% Correct
capital city of VietnamHanoi
100%
capital city of IndonesiaJakarta
100%
capital city of Nepalkathmandu
100%
capital city of PeruLima
100%
capital city of PhilippinesManila
100%
capital city of South KoreaSeoul
100%
capital city of TaiwanTaipei city
100%
capital city of JapanTokyo
100%
capital city of CubaHavana
94%
capital city of PakistanIslamabad
94%
capital city of Costa RicaSan Jose
94%
capital city of PolandWarsaw
94%
capital city of CameroonYaounde
94%
capital city of moldovaChisinau
88%
capital city of OmanMuscat
82%

Score Distribution

Percentile by Number Answered

Percent of People with Each Score

Your Score History

You have not taken this quiz